000 00302 a2200145 4500
001 170975
020 _a
040 _cMagnum
100 _aMarins Filho, Luiz A.
240 1 0 _aProfissao: vencedor
_lpor
245 1 0 _aProfissao: vencedor
362 0 _a1899
697 _aADMINISTRACAO
942 _cBK
999 _c170975
_d170975